[Event "Titled Tuesday 2024.10.29 Late"]
[Site "chess.com INT"]
[Date "2024.10.29"]
[Round "9"]
[White "Mendes, Aaron Reeve"]
[Black "Rustemov, A."]
[Result "0-1"]
[WhiteElo "2320"]
[BlackElo "2525"]
[PlyCount "124"]
[GameId "2129405225381197"]
[EventDate "2024.10.29"]
[EventType "swiss (blitz)"]
[EventRounds "11"]
[EventCountry "NET"]
[SourceTitle "The Week in Chess 1565"]
[Source "Mark Crowther"]
[SourceDate "2024.11.04"]
[SourceVersion "1"]
[SourceVersionDate "2024.11.04"]
[SourceQuality "2"]

1. e4 e6 2. Nf3 d5 3. Nc3 dxe4 4. Nxe4 Bd7 5. d4 Bc6 6. Bd3 Nd7 7. c3 Ngf6 8. Qe2 Nxe4 9. Bxe4 Bxe4 10. Qxe4 c6 11. h4 Bd6 12. h5 h6 13. Be3 Nf6 14. Qc2 Qa5 15. a3 O-O 16. O-O-O Rad8 17. g4 Qd5 18. Rh3 Nxg4 19. Rg1 f5 20. Nh4 Qa2 21. Kd2 c5 22. Ke2 Qc4+ 23. Ke1 cxd4 24. Bxd4 Bf4 25. Qe2 Rxd4 26. cxd4 Qc1+ 27. Qd1 Qxd1+ 28. Kxd1 Nxf2+ 29. Ke2 Nxh3 30. Rh1 Ng5 31. Ng6 Rd8 32. Nxf4 Rxd4 33. Ng6 f4 34. Rc1 Kf7 35. Rc8 Re4+ 36. Kd3 e5 37. Rf8+ Ke6 38. Re8+ Kf5 39. Rf8+ Kg4 40. Re8 Re3+ 41. Kd2 Nf3+ 42. Kc2 Kxh5 43. Ne7 Nd4+ 44. Kd2 Kg5 45. Rg8 Nf3+ 46. Kc2 Re2+ 47. Kd3 Re3+ 48. Kc2 Nd4+ 49. Kd2 Re2+ 50. Kd3 Kf6 51. Nd5+ Kf7 52. Rb8 g5 53. Rxb7+ Ke6 54. Nc7+ Kf5 55. Rxa7 Re3+ 56. Kc4 f3 57. Ne8 g4 58. Rf7+ Kg5 59. Nd6 g3 60. Kd5 f2 61. Ne4+ Rxe4 62. Kxe4 g2 0-1

[Event "Titled Tuesday 2024.10.29 Late"]
[Site "chess.com INT"]
[Date "2024.10.29"]
[Round "10"]
[White "Hajiyev, K."]
[Black "Mendes, Aaron Reeve"]
[Result "0-1"]
[WhiteElo "2109"]
[BlackElo "2320"]
[PlyCount "116"]
[GameId "2129405225381319"]
[EventDate "2024.10.29"]
[EventType "swiss (blitz)"]
[EventRounds "11"]
[EventCountry "NET"]
[SourceTitle "The Week in Chess 1565"]
[Source "Mark Crowther"]
[SourceDate "2024.11.04"]
[SourceVersion "1"]
[SourceVersionDate "2024.11.04"]
[SourceQuality "2"]

1. b3 e5 2. Bb2 e4 3. d3 exd3 4. c3 dxe2 5. Bxe2 Nf6 6. Nf3 d5 7. O-O Bd6 8. Re1 O-O 9. Nbd2 c5 10. Nf1 a6 11. Ne3 Nc6 12. Qc2 Be6 13. Rad1 Rc8 14. Ng5 Qd7 15. Bf3 h6 16. Nxe6 fxe6 17. Qg6 Qf7 18. Qxf7+ Kxf7 19. Nc4 Bc7 20. Ne3 Rcd8 21. h4 Rfe8 22. g3 Ne5 23. Be2 Kf8 24. Kg2 Nf7 25. Ba3 Bd6 26. Ng4 d4 27. Nxf6 gxf6 28. cxd4 cxd4 29. Bb2 e5 30. Bf3 Re7 31. g4 Kg7 32. Be4 Rc7 33. Bf5 Bb4 34. Rc1 Rc6 35. Rxc6 bxc6 36. Rc1 Rd6 37. Be4 Nd8 38. a3 Ba5 39. b4 Bb6 40. f4 Ne6 41. fxe5 fxe5 42. Rxc6 Rxc6 43. Bxc6 Nf4+ 44. Kf3 a5 45. b5 Kf6 46. Ke4 Ke6 47. a4 Ng2 48. h5 Ne3 49. Bc1 Nxg4 50. Bd2 Nf6+ 51. Kf3 Kf5 52. Bxh6 e4+ 53. Ke2 Nxh5 54. Bd7+ Kg6 55. Bf8 d3+ 56. Kd2 Ng3 57. Bc6 Kf5 58. Bg7 Nf1+ 0-1

[Event "Titled Tuesday 2024.10.29 Late"]
[Site "chess.com INT"]
[Date "2024.10.29"]
[Round "11"]
[White "Mendes, Aaron Reeve"]
[Black "Galchenko, Matvey"]
[Result "1-0"]
[WhiteElo "2320"]
[BlackElo "2438"]
[PlyCount "83"]
[GameId "2129405225381408"]
[EventDate "2024.10.29"]
[EventType "swiss (blitz)"]
[EventRounds "11"]
[EventCountry "NET"]
[SourceTitle "The Week in Chess 1565"]
[Source "Mark Crowther"]
[SourceDate "2024.11.04"]
[SourceVersion "1"]
[SourceVersionDate "2024.11.04"]
[SourceQuality "2"]

1. e4 e6 2. Nf3 d5 3. Nc3 d4 4. Ne2 c5 5. c4 Nc6 6. d3 e5 7. g3 f6 8. Bg2 Be6 9. O-O Bd6 10. a3 Nge7 11. Bd2 a5 12. Ne1 O-O 13. f4 f5 14. fxe5 Nxe5 15. Nf4 Bf7 16. Nf3 Nxd3 17. Nxd3 fxe4 18. Ng5 exd3 19. Be4 Bg6 20. Bxg6 hxg6 21. Qg4 Rf5 22. Rxf5 Nxf5 23. Qh3 Qe8 24. Qh7+ Kf8 25. Qh8+ Ke7 26. Re1+ Ne3 27. Qxg7+ Kd8 28. Nf7+ Kc7 29. Qxg6 Ra6 30. Qh5 Qe4 31. Qh3 Be7 32. g4 Rg6 33. Bxe3 Rxg4+ 34. Kf1 Qh1+ 35. Kf2 dxe3+ 36. Rxe3 Qg1+ 37. Kf3 d2 38. Rxe7+ Kb6 39. Qh6+ Ka7 40. Qxd2 Rd4 41. Qxa5+ Kb8 42. Re8+ 1-0

[Event "Titled Tuesday 2024.11.05 Late"]
[Site "chess.com INT"]
[Date "2024.11.05"]
[Round "1"]
[White "Mendes, Aaron Reeve"]
[Black "Venkatesh, Narayan"]
[Result "0-1"]
[WhiteElo "2320"]
[BlackElo "2173"]
[PlyCount "128"]
[GameId "2129405225499755"]
[EventDate "2024.11.05"]
[EventType "swiss (blitz)"]
[EventRounds "11"]
[EventCountry "NET"]
[SourceTitle "The Week in Chess 1566"]
[Source "Mark Crowther"]
[SourceDate "2024.11.11"]
[SourceVersion "1"]
[SourceVersionDate "2024.11.11"]
[SourceQuality "2"]

1. Nf3 d5 2. e3 Nf6 3. b3 c5 4. Bb2 g6 5. c4 dxc4 6. Bxc4 Bg7 7. O-O O-O 8. Nc3 Nc6 9. Rc1 b6 10. d4 cxd4 11. exd4 Bb7 12. Re1 e6 13. Ba3 Re8 14. Nb5 Bf8 15. Bxf8 Rxf8 16. Ne5 Ne7 17. Nc3 Ned5 18. Nxd5 Bxd5 19. Qe2 Qd6 20. Ba6 Nd7 21. Ng4 Qf4 22. Bb5 Nf6 23. Ne5 Qxd4 24. Bc6 Rac8 25. Rcd1 Qf4 26. Bb5 Be4 27. Nd7 Nxd7 28. Bxd7 Rc2 29. Qe3 Qxe3 30. Rxe3 Bd5 31. a4 Rd8 32. Bb5 Rdc8 33. h3 R8c3 34. Rdd3 Rxd3 35. Rxd3 Kg7 36. Re3 Kf6 37. Rd3 Ke5 38. Re3+ Kd6 39. Rd3 Kc5 40. Be8 f6 41. Bf7 Kb4 42. Re3 Bxb3 43. Bxe6 Bxe6 44. Rxe6 Kxa4 45. Rxf6 b5 46. Rf7 a5 47. Rxh7 b4 48. Rb7 b3 49. g4 Ka3 50. Kg2 b2 51. Rb5 a4 52. h4 Ka2 53. Ra5 a3 54. Rb5 b1=Q 55. Rxb1 Kxb1 56. h5 gxh5 57. gxh5 a2 58. h6 a1=Q 59. h7 Qg7+ 60. Kf1 Qxh7 61. Kg1 Qf5 62. Kh1 Qf3+ 63. Kg1 Qxf2+ 64. Kh1 Qh2# 0-1

[Event "Titled Tuesday 2024.11.05 Late"]
[Site "chess.com INT"]
[Date "2024.11.05"]
[Round "2"]
[White "Tulendinov, Dinmukhammed"]
[Black "Mendes, Aaron Reeve"]
[Result "1-0"]
[WhiteElo "2205"]
[BlackElo "2320"]
[PlyCount "95"]
[GameId "2129405225499923"]
[EventDate "2024.11.05"]
[EventType "swiss (blitz)"]
[EventRounds "11"]
[EventCountry "NET"]
[SourceTitle "The Week in Chess 1566"]
[Source "Mark Crowther"]
[SourceDate "2024.11.11"]
[SourceVersion "1"]
[SourceVersionDate "2024.11.11"]
[SourceQuality "2"]

1. e4 c5 2. Nf3 d6 3. d3 Nf6 4. g3 g6 5. Bg2 Bg7 6. O-O O-O 7. c3 Nbd7 8. Re1 Rb8 9. d4 b6 10. e5 Nd5 11. exd6 exd6 12. dxc5 Bb7 13. cxd6 Re8 14. Na3 Nc5 15. Nb5 a6 16. Rxe8+ Qxe8 17. Nc7 Nxc7 18. dxc7 Rc8 19. Bf4 Ne6 20. Qd6 Nxf4 21. Qxf4 Qc6 22. Rd1 Qxc7 23. Qxc7 Rxc7 24. Rd8+ Bf8 25. Ne5 Bxg2 26. Kxg2 Kg7 27. Rd7 Rxd7 28. Nxd7 b5 29. Nxf8 Kxf8 30. Kf3 Ke7 31. Ke4 Kd6 32. Kd4 f6 33. b3 Kc6 34. a4 Kb6 35. axb5 Kxb5 36. Kd5 a5 37. c4+ Kb4 38. c5 Kxb3 39. c6 a4 40. c7 a3 41. c8=Q Kb2 42. Qc4 a2 43. Qd4+ Kb1 44. Qxf6 a1=Q 45. Qxa1+ Kxa1 46. f4 Kb2 47. g4 Kc3 48. f5 1-0

[Event "Titled Tuesday 2024.11.05 Late"]
[Site "chess.com INT"]
[Date "2024.11.05"]
[Round "3"]
[White "De Lima, Valdenicio Marcelin"]
[Black "Mendes, Aaron Reeve"]
[Result "0-1"]
[WhiteElo "1971"]
[BlackElo "2320"]
[PlyCount "102"]
[GameId "2129405225500089"]
[EventDate "2024.11.05"]
[EventType "swiss (blitz)"]
[EventRounds "11"]
[EventCountry "NET"]
[SourceTitle "The Week in Chess 1566"]
[Source "Mark Crowther"]
[SourceDate "2024.11.11"]
[SourceVersion "1"]
[SourceVersionDate "2024.11.11"]
[SourceQuality "2"]

1. Nf3 b6 2. d4 Bb7 3. Nbd2 Nf6 4. b3 g6 5. Bb2 Bg7 6. e3 O-O 7. Be2 d6 8. O-O Nbd7 9. c4 Re8 10. d5 e5 11. e4 Nh5 12. Ne1 Nf4 13. Bf3 h5 14. g3 Nh3+ 15. Kg2 Ng5 16. Be2 Bc8 17. h4 Nh7 18. f4 exf4 19. Bxg7 Kxg7 20. Rxf4 Nhf6 21. Qc2 Qe7 22. Nef3 Ne5 23. Ng5 Neg4 24. Qc3 Qe5 25. Qxe5 dxe5 26. Rf3 Bd7 27. Raf1 c6 28. Rd3 cxd5 29. Bxg4 Bxg4 30. Rxd5 Nxd5 31. Rxf7+ Kg8 32. cxd5 Rac8 33. Nc4 b5 34. Nd6 Rc2+ 35. Kg1 Rf8 36. Re7 Rcf2 37. Ndf7 R2xf7 38. Nxf7 Rxf7 39. Rxe5 Bd7 40. Rg5 Kg7 41. e5 Rf5 42. e6 Bc8 43. Kg2 Kf6 44. g4 Rxg5 45. hxg5+ Kxg5 46. e7 Bd7 47. gxh5 gxh5 48. d6 Kf4 49. Kh2 Ke5 50. Kg3 Kxd6 51. Kh4 Be8 0-1

[Event "Titled Tuesday 2024.11.05 Late"]
[Site "chess.com INT"]
[Date "2024.11.05"]
[Round "4"]
[White "Mendes, Aaron Reeve"]
[Black "Jodar Arias, M."]
[Result "1-0"]
[WhiteElo "2320"]
[BlackElo "2195"]
[PlyCount "107"]
[GameId "2129405225500327"]
[EventDate "2024.11.05"]
[EventType "swiss (blitz)"]
[EventRounds "11"]
[EventCountry "NET"]
[SourceTitle "The Week in Chess 1566"]
[Source "Mark Crowther"]
[SourceDate "2024.11.11"]
[SourceVersion "1"]
[SourceVersionDate "2024.11.11"]
[SourceQuality "2"]

1. Nf3 Nf6 2. e3 g6 3. b3 Bg7 4. Bb2 O-O 5. Be2 d6 6. O-O e5 7. d3 Nc6 8. Nbd2 Bg4 9. h3 Bxf3 10. Bxf3 d5 11. c4 Re8 12. cxd5 Nxd5 13. a3 Qd7 14. Qc2 Rad8 15. Rfd1 a5 16. Rac1 f5 17. Nc4 Kh8 18. g3 f4 19. exf4 exf4 20. g4 Nd4 21. Bxd4 Bxd4 22. Re1 b6 23. Re4 Rxe4 24. dxe4 Nc3 25. e5 Qe7 26. Re1 Nb5 27. Rd1 Bc5 28. Rxd8+ Qxd8 29. Qe4 Qd4 30. Qe1 Nxa3 31. Nxa3 Bxa3 32. e6 Be7 33. Qc1 c5 34. Qc2 b5 35. Bc6 c4 36. Bxb5 c3 37. Bc4 Kg7 38. Kg2 Bc5 39. Qe2 Be7 40. Kf3 g5 41. Qc2 a4 42. Qf5 Qf6 43. Qe4 a3 44. b4 Bxb4 45. Bd3 Kf8 46. Qxb4+ Kg7 47. Qb3 a2 48. Qxa2 Qd4 49. Qe2 Kf8 50. Qe4 Qxe4+ 51. Kxe4 Ke7 52. Ke5 h6 53. Bf5 f3 54. Bc2 1-0

[Event "Titled Tuesday 2024.11.05 Late"]
[Site "chess.com INT"]
[Date "2024.11.05"]
[Round "5"]
[White "Meduri, Aakaash"]
[Black "Mendes, Aaron Reeve"]
[Result "1-0"]
[WhiteElo "2049"]
[BlackElo "2320"]
[PlyCount "81"]
[GameId "2129405225500424"]
[EventDate "2024.11.05"]
[EventType "swiss (blitz)"]
[EventRounds "11"]
[EventCountry "NET"]
[SourceTitle "The Week in Chess 1566"]
[Source "Mark Crowther"]
[SourceDate "2024.11.11"]
[SourceVersion "1"]
[SourceVersionDate "2024.11.11"]
[SourceQuality "2"]

1. d4 d5 2. Bf4 Nf6 3. e3 e6 4. Nf3 c5 5. Nbd2 Nc6 6. Bd3 Bd6 7. dxc5 Bxf4 8. exf4 Qa5 9. O-O Qxc5 10. c4 O-O 11. Rc1 Rd8 12. a3 Qd6 13. g3 b6 14. cxd5 exd5 15. Qc2 Bb7 16. Rfe1 Rac8 17. Qb1 d4 18. Ne4 Nxe4 19. Bxe4 g6 20. Qd3 Na5 21. Ne5 Bxe4 22. Qxe4 f6 23. Nd3 Kf7 24. f5 Rxc1 25. Rxc1 Nb3 26. Rc6 Qd7 27. fxg6+ hxg6 28. Ne5+ fxe5 29. Qxg6+ Ke7 30. Qf6+ Ke8 31. Re6+ Qxe6 32. Qxe6+ Kf8 33. Qxb3 d3 34. Qd1 Ke7 35. f3 Ke6 36. Kf2 d2 37. Ke3 e4 38. fxe4 Ke5 39. h4 Rd4 40. Qh5+ Ke6 41. Kxd4 1-0

[Event "Titled Tuesday 2024.11.05 Late"]
[Site "chess.com INT"]
[Date "2024.11.05"]
[Round "6"]
[White "Mendes, Aaron Reeve"]
[Black "Herman, Daniel"]
[Result "0-1"]
[WhiteElo "2320"]
[BlackElo "1920"]
[PlyCount "98"]
[GameId "2129405225500636"]
[EventDate "2024.11.05"]
[EventType "swiss (blitz)"]
[EventRounds "11"]
[EventCountry "NET"]
[SourceTitle "The Week in Chess 1566"]
[Source "Mark Crowther"]
[SourceDate "2024.11.11"]
[SourceVersion "1"]
[SourceVersionDate "2024.11.11"]
[SourceQuality "2"]

1. e4 d6 2. f4 c5 3. Nf3 Nc6 4. g3 g6 5. Bg2 Bg7 6. O-O Nf6 7. Re1 e5 8. d3 O-O 9. Nc3 Nd4 10. Be3 Bg4 11. Bxd4 cxd4 12. Ne2 Qb6 13. Qb1 Nxe4 14. dxe4 d3+ 15. Kh1 dxe2 16. fxe5 Qf2 17. Ng1 Bxe5 18. c3 h5 19. Qd3 h4 20. h3 Be6 21. g4 Rac8 22. Qxe2 Qg3 23. Nf3 Bf4 24. Qf1 Rfe8 25. Qg1 d5 26. Rad1 dxe4 27. Rxe4 Rcd8 28. Rdd4 Rxd4 29. Qxd4 Bc7 30. Qe3 Rd8 31. Qe1 Qxe1+ 32. Rxe1 Rd3 33. Rf1 Bd5 34. Nxh4 Rxh3+ 35. Kg1 Bb6+ 36. Rf2 Bxf2+ 37. Kxf2 Rxh4 38. Bxd5 Rxg4 39. Bxb7 Rh4 40. Bd5 Kg7 41. c4 Rh2+ 42. Bg2 Kf6 43. Kg3 Rh8 44. c5 Ke5 45. b4 f5 46. c6 Kd6 47. Kf4 Rh4+ 48. Kg5 Rg4+ 49. Kf6 Rxg2 0-1

[Event "Titled Tuesday 2024.11.05 Late"]
[Site "chess.com INT"]
[Date "2024.11.05"]
[Round "7"]
[White "Clawitter, C."]
[Black "Mendes, Aaron Reeve"]
[Result "0-1"]
[WhiteElo "2050"]
[BlackElo "2320"]
[PlyCount "54"]
[GameId "2129405225562188"]
[EventDate "2024.11.05"]
[EventType "swiss (blitz)"]
[EventRounds "11"]
[EventCountry "NET"]
[SourceTitle "The Week in Chess 1566"]
[Source "Mark Crowther"]
[SourceDate "2024.11.11"]
[SourceVersion "1"]
[SourceVersionDate "2024.11.11"]
[SourceQuality "2"]

1. e4 c5 2. Nf3 Nc6 3. d4 cxd4 4. Nxd4 Nf6 5. Nc3 d6 6. Bc4 g6 7. Nxc6 bxc6 8. e5 d5 9. exf6 dxc4 10. Qe2 Be6 11. fxe7 Bxe7 12. Bh6 Bf6 13. O-O Qd4 14. Rad1 Qh4 15. Ne4 Be5 16. f4 Qxh6 17. fxe5 O-O 18. Nf6+ Kh8 19. Rd4 Rad8 20. Re4 Rd2 21. Qf3 Qg5 22. Rf4 Rfd8 23. g3 Qxe5 24. Rh4 h5 25. Nxh5 g5 26. Nf6+ gxh4 27. Qh5+ Qxh5 0-1

[Event "Titled Tuesday 2024.11.05 Late"]
[Site "chess.com INT"]
[Date "2024.11.05"]
[Round "8"]
[White "Mendes, Aaron Reeve"]
[Black "Sandoval Mercado, Carlos"]
[Result "0-1"]
[WhiteElo "2320"]
[BlackElo "2364"]
[PlyCount "72"]
[GameId "2129405225562315"]
[EventDate "2024.11.05"]
[EventType "swiss (blitz)"]
[EventRounds "11"]
[EventCountry "NET"]
[SourceTitle "The Week in Chess 1566"]
[Source "Mark Crowther"]
[SourceDate "2024.11.11"]
[SourceVersion "1"]
[SourceVersionDate "2024.11.11"]
[SourceQuality "2"]

1. g3 d5 2. Bg2 Nf6 3. Nf3 Bf5 4. O-O e6 5. d3 h6 6. Nbd2 Be7 7. b3 O-O 8. Bb2 a5 9. Re1 c6 10. e4 Bh7 11. Qe2 a4 12. h3 a3 13. Bc3 Na6 14. Rad1 Nb4 15. Bxb4 Bxb4 16. Rf1 Nd7 17. Nb1 b5 18. Nd4 Qb6 19. c3 Bd6 20. exd5 exd5 21. Qg4 Ne5 22. Qh4 Nxd3 23. c4 Bc5 24. Ne2 Nxf2 25. Rxf2 Bxf2+ 26. Kh2 Qe3 27. Nbc3 b4 28. cxd5 bxc3 29. Nd4 c5 30. Nc6 c2 31. Rf1 c1=Q 32. d6 Bxg3+ 33. Qxg3 Qxg3+ 34. Kxg3 Qb2 35. d7 Qxg2+ 36. Kxg2 Be4+ 0-1

[Event "Titled Tuesday 2024.11.05 Late"]
[Site "chess.com INT"]
[Date "2024.11.05"]
[Round "9"]
[White "Harish, Neeraj"]
[Black "Mendes, Aaron Reeve"]
[Result "0-1"]
[WhiteElo "2153"]
[BlackElo "2320"]
[PlyCount "162"]
[GameId "2129405225570734"]
[EventDate "2024.11.05"]
[EventType "swiss (blitz)"]
[EventRounds "11"]
[EventCountry "NET"]
[SourceTitle "The Week in Chess 1566"]
[Source "Mark Crowther"]
[SourceDate "2024.11.11"]
[SourceVersion "1"]
[SourceVersionDate "2024.11.11"]
[SourceQuality "2"]

1. c4 c6 2. Nf3 Nf6 3. g3 g6 4. Bg2 d5 5. b3 Bg7 6. Bb2 O-O 7. O-O Nbd7 8. e3 Re8 9. d4 b6 10. Nc3 Bb7 11. Rc1 Rc8 12. Re1 a6 13. e4 dxe4 14. Nxe4 Nxe4 15. Rxe4 c5 16. Re1 cxd4 17. Bxd4 Bxf3 18. Bxf3 Bxd4 19. Qxd4 Nc5 20. Rcd1 Qxd4 21. Rxd4 e5 22. Rd6 b5 23. cxb5 axb5 24. Bc6 Re6 25. Rxe6 Nxe6 26. Bxb5 Nd4 27. Be2 Rc2 28. Kf1 Rxa2 29. Bc4 Nf3 30. Re3 Nxh2+ 31. Kg2 Ng4 32. Rf3 Ra7 33. b4 Kg7 34. b5 e4 35. Rb3 Ra2 36. b6 Rxf2+ 37. Kg1 Rd2 38. b7 Rd8 39. b8=Q Rxb8 40. Rxb8 f5 41. Be2 Nf6 42. Kf2 Kh6 43. Ke3 Kg5 44. Kd4 h5 45. Rh8 Nd7 46. Kd5 Nb6+ 47. Ke6 Na4 48. Kf7 h4 49. Rxh4 Nc3 50. Bc4 e3 51. Rh8 Ne4 52. Be2 Nxg3 53. Bc4 e2 54. Re8 Kf4 55. Bxe2 g5 56. Kf6 Ne4+ 57. Kg6 g4 58. Kh5 Ng3+ 59. Kh4 Ne4 60. Bd3 Nf2 61. Rf8 Nxd3 62. Rxf5+ Kxf5 63. Kg3 Ne5 64. Kg2 Ng6 65. Kg1 Ne7 66. Kg2 Nd5 67. Kg1 Nf6 68. Kf2 Kg5 69. Kg2 Nh5 70. Kg1 Nf4 71. Kf2 Kf5 72. Kg1 Ng6 73. Kf2 Ne5 74. Kg3 Kg5 75. Kf2 Kf4 76. Kg1 g3 77. Kg2 Kg4 78. Kg1 Kf3 79. Kf1 g2+ 80. Kg1 Ng6 81. Kh2 Kf2 0-1

[Event "Titled Tuesday 2024.11.05 Late"]
[Site "chess.com INT"]
[Date "2024.11.05"]
[Round "10"]
[White "Mendes, Aaron Reeve"]
[Black "Minina, V."]
[Result "1/2-1/2"]
[WhiteElo "2320"]
[BlackElo "2057"]
[PlyCount "131"]
[GameId "2129405225570844"]
[EventDate "2024.11.05"]
[EventType "swiss (blitz)"]
[EventRounds "11"]
[EventCountry "NET"]
[SourceTitle "The Week in Chess 1566"]
[Source "Mark Crowther"]
[SourceDate "2024.11.11"]
[SourceVersion "1"]
[SourceVersionDate "2024.11.11"]
[SourceQuality "2"]

1. Nf3 Nf6 2. e3 g6 3. Be2 Bg7 4. O-O d5 5. Re1 O-O 6. Bf1 c5 7. c4 Nc6 8. cxd5 Nxd5 9. a3 b6 10. Nc3 Bb7 11. Bc4 e6 12. d4 Na5 13. Bxd5 Bxd5 14. e4 Bb3 15. Qd2 cxd4 16. Ne2 e5 17. h4 Rc8 18. h5 Bc2 19. h6 Bf6 20. Qb4 Qd7 21. Bg5 Bxg5 22. Nxg5 Rc4 23. Nxh7 Qd8 24. Qxf8+ Qxf8 25. Nxf8 Kxf8 26. Nc1 d3 27. Nxd3 Bxd3 28. Rac1 Kg8 29. Rxc4 Nxc4 30. Rd1 Bxe4 31. Rd8+ Kh7 32. Rd7 Kxh6 33. Rxf7 a5 34. Re7 Kg5 35. b3 Kf6 36. Ra7 Nxa3 37. Ra6 Nc2 38. Rxb6+ Kf5 39. f3 Bd5 40. Kf2 Nd4 41. g4+ Kf4 42. Rxg6 Nxf3 43. Ra6 Nd4 44. Rxa5 Bxb3 45. g5 Bf7 46. Rc5 e4 47. Rc7 e3+ 48. Ke1 Bg6 49. Re7 Nf3+ 50. Ke2 Nd4+ 51. Ke1 Nf3+ 52. Ke2 Nd4+ 53. Kf1 Nf5 54. Re6 Kxg5 55. Kg2 Bh5 56. Re4 Bg4 57. Kh2 Nd6 58. Re7 Nf5 59. Re5 Kf4 60. Re8 e2 61. Kg2 Bf3+ 62. Kf2 Nd4 63. Rf8+ Nf5 64. Re8 Bg4 65. Rxe2 Bxe2 66. Kxe2 1/2-1/2

[Event "Titled Tuesday 2024.11.05 Late"]
[Site "chess.com INT"]
[Date "2024.11.05"]
[Round "11"]
[White "Playa, M."]
[Black "Mendes, Aaron Reeve"]
[Result "1-0"]
[WhiteElo "2376"]
[BlackElo "2320"]
[PlyCount "31"]
[GameId "2129405225570865"]
[EventDate "2024.11.05"]
[EventType "swiss (blitz)"]
[EventRounds "11"]
[EventCountry "NET"]
[SourceTitle "The Week in Chess 1566"]
[Source "Mark Crowther"]
[SourceDate "2024.11.11"]
[SourceVersion "1"]
[SourceVersionDate "2024.11.11"]
[SourceQuality "2"]

1. e4 c5 2. Nf3 Nc6 3. d4 cxd4 4. Nxd4 g6 5. Nc3 Bg7 6. Be3 Qb6 7. Nb3 Qc7 8. Qd2 a6 9. Nd5 Qb8 10. Bb6 Be5 11. f4 e6 12. fxe5 exd5 13. exd5 Nxe5 14. O-O-O d6 15. Qg5 h6 16. Qd8# 1-0

[Event "Titled Tuesday 2024.11.12 Late"]
[Site "chess.com INT"]
[Date "2024.11.12"]
[Round "1"]
[White "Jimenez Fernandez, Rebeca"]
[Black "Mendes, Aaron Reeve"]
[Result "0-1"]
[WhiteElo "2137"]
[BlackElo "2320"]
[PlyCount "62"]
[GameId "2129405225693600"]
[EventDate "2024.11.12"]
[EventType "swiss (blitz)"]
[EventRounds "11"]
[EventCountry "NET"]
[SourceTitle "The Week in Chess 1567"]
[Source "Mark Crowther"]
[SourceDate "2024.11.18"]
[SourceVersion "1"]
[SourceVersionDate "2024.11.18"]
[SourceQuality "2"]

1. e4 c5 2. Nc3 Nc6 3. g3 g6 4. Bg2 Bg7 5. d3 e6 6. Be3 b6 7. Qd2 Nge7 8. Nge2 d5 9. exd5 exd5 10. d4 O-O 11. dxc5 d4 12. Nxd4 Bxd4 13. Bxd4 Nxd4 14. Bxa8 Bg4 15. Bg2 Bf3 16. O-O Ne2+ 17. Qxe2 Bxe2 18. Nxe2 Qd2 19. cxb6 axb6 20. Rfe1 Qxc2 21. Nf4 Qxb2 22. Rab1 Qf6 23. Rbd1 Nf5 24. Nd5 Qb2 25. Rb1 Qxa2 26. Rxb6 Rd8 27. Nf6+ Kg7 28. Ng4 h5 29. Ne5 Qa5 30. Rb7 Qxe1+ 31. Bf1 Qxe5 0-1

[Event "Titled Tuesday 2024.11.19 Late"]
[Site "chess.com INT"]
[Date "2024.11.19"]
[Round "1"]
[White "Odenthal, Aidan"]
[Black "Mendes, Aaron Reeve"]
[Result "0-1"]
[WhiteElo "1985"]
[BlackElo "2320"]
[PlyCount "110"]
[GameId "2129405225854786"]
[EventDate "2024.11.19"]
[EventType "swiss (blitz)"]
[EventRounds "11"]
[EventCountry "NET"]
[SourceTitle "The Week in Chess 1568"]
[Source "Mark Crowther"]
[SourceDate "2024.11.25"]
[SourceVersion "1"]
[SourceVersionDate "2024.11.25"]
[SourceQuality "2"]

1. d4 d5 2. c4 c6 3. Nc3 Nf6 4. Nf3 dxc4 5. a4 Bf5 6. Ne5 e6 7. Nxc4 Bb4 8. f3 O-O 9. Kf2 Nbd7 10. e4 Bxc3 11. bxc3 Bxe4 12. fxe4 Nxe4+ 13. Kg1 Nxc3 14. Qf3 Nd5 15. Bd3 c5 16. Bb2 Rc8 17. Rd1 g6 18. h3 N7b6 19. dxc5 Nxc4 20. Bxc4 Rxc5 21. Bxd5 exd5 22. Qe3 Rc4 23. Qe5 f6 24. Qe6+ Kg7 25. Qxd5 Qb6+ 26. Bd4 Qc7 27. h4 h5 28. Rh3 Kh7 29. Re3 Rd8 30. Qe4 Qd7 31. Red3 Qf7 32. Qf3 f5 33. Bxa7 Rxd3 34. Qxd3 Rxa4 35. Bf2 Re4 36. Qb5 Re7 37. Qb6 Qc4 38. Qd6 Rf7 39. Bd4 Qc8 40. Re1 Qd7 41. Qc5 Qc7 42. Qd5 Rd7 43. Qe5 Qxe5 44. Bxe5 Kg8 45. Rb1 Kf7 46. Rb6 Re7 47. Rf6+ Ke8 48. Bf4 Rg7 49. Kf2 Kd7 50. Rb6 Kc8 51. Ke3 Re7+ 52. Kd4 Re4+ 53. Kd5 Rxf4 54. Rxg6 Rg4 55. Kd6 Rxg6+ 0-1

[Event "Titled Tuesday 2024.11.19 Late"]
[Site "chess.com INT"]
[Date "2024.11.19"]
[Round "2"]
[White "Mendes, Aaron Reeve"]
[Black "Shoshin, Kirill"]
[Result "1-0"]
[WhiteElo "2320"]
[BlackElo "2217"]
[PlyCount "107"]
[GameId "2129405225854991"]
[EventDate "2024.11.19"]
[EventType "swiss (blitz)"]
[EventRounds "11"]
[EventCountry "NET"]
[SourceTitle "The Week in Chess 1568"]
[Source "Mark Crowther"]
[SourceDate "2024.11.25"]
[SourceVersion "1"]
[SourceVersionDate "2024.11.25"]
[SourceQuality "2"]

1. e4 e6 2. Nf3 d5 3. Nc3 Nf6 4. e5 Nfd7 5. d4 c5 6. Bg5 Be7 7. Bxe7 Qxe7 8. Nb5 Nc6 9. Nc7+ Kd8 10. Nxa8 cxd4 11. c3 dxc3 12. bxc3 Qc5 13. Rc1 Ndxe5 14. Nxe5 Nxe5 15. Qd4 Qxd4 16. cxd4 Nc6 17. Bb5 Bd7 18. Kd2 Kc8 19. Bxc6 Bxc6 20. Rxc6+ bxc6 21. Rb1 Rd8 22. a4 Rd7 23. a5 Rb7 24. Rc1 Kd7 25. a6 Rb8 26. f4 Rxa8 27. Rb1 Rc8 28. Kc3 c5 29. Rb7+ Rc7 30. Rb8 cxd4+ 31. Kxd4 h5 32. g3 Kd6 33. Rd8+ Ke7 34. Rb8 f6 35. f5 Kd6 36. Rd8+ Rd7 37. Rb8 e5+ 38. Kd3 Rc7 39. Rd8+ Rd7 40. Rb8 Rc7 41. Rd8+ Kc5 42. Rb8 e4+ 43. Ke3 Kd6 44. Kd4 Rc4+ 45. Ke3 Ra4 46. Rd8+ Ke5 47. Rd7 Ra3+ 48. Ke2 d4 49. Rxa7 Ra2+ 50. Kd1 e3 51. Ra8 Ke4 52. a7 Kd3 53. Kc1 e2 54. Re8 1-0